Регионална библиотека "Любен Каравелов" - Русе

Приказки за животни + забавни игри (Запис номер 114582)

MARC детайли
000 -Лидер
Контролно поле с фиксирана дължина 01951nam a2200457 c 4500
003 - Код на организацията, давaща контролен номер
Контролно поле BLK
005 - Дата и час на последна редакция
Контролно поле 20250512095739.0
008 - Елементи от данни с фиксирана дължина
fixed length control field 180409b bul|||||r ||||||| ||bul||
010 ## - Наследен системен номер
LC control number KNG00120013000
020 ## - Международен стандартен номер на книга ISBN
Международен стандартен номер на книга ISBN 978-954-625-754-3
040 ## - Източник на каталожния запис
Идентификатор на билиотеката - собственик на записа BLK
041 ## - Код за език
Код за езика на текст/звукозапис или на отделно заглавие Български
Код за езика КДБФ Български
072 #7 - Код за тематичната категория
Код организация bullib
Код за тематична категория Н85
Текст Детска художествена литература Н
080 ## - УДК
Текстов определител УДК Английска литература
УДК код - определител по УДК 821.111
УДК определител -93-34
УДК - код + определител 821.111-93-34
100 1# - Редна дума - Автор
Автор Уотсън, Каръл
Авторска отговорност първи автор
R(LIN) 313558
139 ## - Редно поле
Редна дума Уотсън, Каръл
Авторски знак Уор - У 70
245 10 - Сведения за заглавието
Заглавие Приказки за животни + забавни игри
Редно поле (дума) Каръл Уотсън; адапт. Джил Харви; ил. Ник Прайс; прев. Жечка Ангелова Караславова; задачи Мария Златанова.
257 ## - Страна на издаване
Страна на създаване/издаване Великобритания
260 ## - Област на издателските данни
Име на издателя, разпространителя и проч. Фют
Година на издаване 2012
Печатница София : Образование и наука
300 ## - Физическа характеристика
Страници 56 с.
Илюстрации и др. с цв. ил.
Размери/Мащаб 20 см
380 ## - Жанр
Жанр Детска худож. лит.
490 1# - СЕРИИ (Колекции)
Име на серия Библиотека Славейче
500 ## - Общи забележки
Забележка Ориг. загл. Animal Legends. - Съдържа и Забавни задачи + Читателски дневник.
650 #4 - Допълнително описание по предмет – тема
Основно описание – тема или топоним Книги-игри
9 (RLIN) 158798
653 ## - Ключова дума – ненормативна
Ключова дума приказки
653 ## - Ключова дума – ненормативна
Ключова дума книги-игри
653 ## - Ключова дума – ненормативна
Ключова дума литература за деца
653 ## - Ключова дума – ненормативна
Ключова дума детска литература
659 ## - Тематичен бюлетин
Тематичен бюлетин Н
700 1# - Други автори (авторска отговорност)
Лично име Харви, Джил
Автороска отговорност (Описва отношението между автора и произведението) адапт.
9 (RLIN) 376228
700 1# - Други автори (авторска отговорност)
Лично име Прайс, Ник
Автороска отговорност (Описва отношението между автора и произведението) ил.
9 (RLIN) 313559
700 1# - Други автори (авторска отговорност)
Лично име Караславова, Жечка Ангелова
Автороска отговорност (Описва отношението между автора и произведението) прев.
9 (RLIN) 368049
700 1# - Други автори (авторска отговорност)
Лично име Златанова, Мария
Автороска отговорност (Описва отношението между автора и произведението) задачи
9 (RLIN) 374846
852 ## - Местоположение
Форматна сигнатура Цб 255493
856 4# - Електронен адрес и достъп
Електронен формат pdf - файл
856 4# - Електронен адрес и достъп
Електронен формат pdf - файл
999 ## - СИСТЕМНИ КОНТРОЛНИ НОМЕРА
Koha biblionumber 114582
Koha biblioitemnumber 114582
942 ## - АРТИКУЛИ
Вид на библиотечния материал Книги
Скрит в OPAC Не
Koha issues (borrowed), all copies 25
Периодичен библиозапис Да
944 ## - СЪЗДАВАНЕ И РЕДАКЦИЯ на ЗАПИСА
Създаване/Редакция Създаване
Дата на регистрацията/редакция 20.06.2012
Статус, дата на статуса Бояна Костадинова
Служител, извършил регистрацията/редакцията 30551
944 ## - СЪЗДАВАНЕ И РЕДАКЦИЯ на ЗАПИСА
Създаване/Редакция Редакция
Дата на регистрацията/редакция 20.11.2017
Статус, дата на статуса ф /
Служител, извършил регистрацията/редакцията Виолета_Тройчева
999 ## - СИСТЕМНИ КОНТРОЛНИ НОМЕРА
Koha biblioitemnumber 114582
Наличности
Код за отписване Код за изгубен артикул Източник на класификационната схема Код за повреда Коз за рестрикции Код за отдаване Артикулен № Име на библиотеката - собственик Име на библиотеката, в която се намира в момента Статус (Текущо местоположение) Дата на вписване в системата Местоположение - отдел Цена в лева Инвентарен номер Систематично азбучна сигнатура Баркод Номер на екземпляра Цена в евро Служебна бележка Служебен тип на артикула Бележка за публиката
  Не е изгубен Universal Decimal Classification Не е повреден без рестрикции заемане за дома 183806 Регионална библиотека "Любен Каравелов" Русе Регионална библиотека "Любен Каравелов" Русе Детски отдел 2012-06-21 Детски отдел 3.25 120000758465 ДХ 820/899/У 70 120000758465 1 1.66 Дост: DA Вид: А N: 12 Дата: 21.06.2012 Дата инв: 17.08.2015 Бележки инв: Д2015 Книги  
Изтеглен Не е изгубен   Не е повреден без рестрикции заемане за дома 183807 Регионална библиотека "Любен Каравелов" Русе Регионална библиотека "Любен Каравелов" Русе   2012-12-10 Детски отдел 2.93 120000762112 ДХ 820/899/У 70 120000762112 2 1.50 Дост: Pk Вид: Ф N: 15776 Дата: 05.12.2012 Книги Отч.N: 68 , Дата: 22.12.2017
Изтеглен Не е изгубен   Не е повреден без рестрикции заемане за дома 183808 Регионална библиотека "Любен Каравелов" Русе Регионална библиотека "Любен Каравелов" Русе Детски отдел 2012-12-10 Детски отдел 2.93 120000762113 ДХ 820/899/У 70 120000762113 3 1.50 Дост: Pk Вид: Ф N: 15776 Дата: 05.12.2012 Дата инв: 17.08.2015 Бележки инв: Д2015 Книги  
  Не е изгубен   Не е повреден без рестрикции ползва се в читалня 183809 Регионална библиотека "Любен Каравелов" Русе Регионална библиотека "Любен Каравелов" Русе Хранилище 2013-11-08 Хранилище 3.90 120000771311 Цб 255493 120000771311 4 1.99 Дост: Dp Вид: Д N: 41 Дата: 09.10.2012 Книги  
  Не е изгубен Universal Decimal Classification Не е повреден без рестрикции заемане за дома 731295 Регионална библиотека "Любен Каравелов" Русе Регионална библиотека "Любен Каравелов" Русе Детски отдел 2019-07-31 Детски отдел 3.90   ДХ 820/899/ У70 120000835332   1.99   Книги  
Vip Innovations Ltd, Rousse, Bulgaria 2025